LDR 00885naa#a2200181#i#450# 001 RU\\bibl\114630 005 20260601231007.1 011 ## _a2588-0209 100 ## _a20260227b2026####ek#y0rusy0150####ca 102 ## _aRU 200 1# _aКАДАСТРОВАЯ СТОИМОСТЬ ЗЕМЕЛЬНЫХ УЧАСТКОВ СЕЛЬСКОХОЗЯЙСТВЕННОГО НАЗНАЧЕНИЯ КРАСНОТУРАНСКОГО МУНИЦИПАЛЬНОГО ОБРАЗОВАНИЯ КРАСНОЯРСКОГО КРАЯ _eЖурнальная статья 210 1# _aМосква _cЭлектронная наука _d2026 215 ## _a12 с. 608 ## _aЖурнальная статья _2local 675 ## _aЦена земли. Цена недвижимости. 332.74 _z 700 #1 _aБадмаева _gСофья Эрдыниевна 700 #1 _aПотылицын _gДаниил Николаевич 856 4# _aiacj.ru _u